Top 20 European countries by tallest building - Statistics

General Stats
  • This quiz has been taken 89 times
    21 since last reset
  • The average score is 13 of 20
Answer Stats
Picture Hint Answer % Correct
463m Russia
100%
310m United Kingdom
100%
300m Germany
94%
310m Poland
94%
249m Spain
89%
284m Turkey
89%
225m France
83%
231m Italy
78%
220m Austria
72%
247m Sweden
61%
215m Netherlands
50%
168m Serbia
50%
205m Switzerland
50%
148m Belgium
44%
172m Bosnia & Herzegovina
44%
142m Denmark
44%
170m Monaco
44%
168m Ukraine
44%
168 Slovakia
39%
150m Hungary
28%
No matching quizzes found
Score Distribution
Percent of People with Each Score
Percentile by Number Answered
Your Score History
You have not taken this quiz since the last reset